PSAMOMATÓZNY MENINGIÓM MAXILÁRNEHO SÍNUSU

Bibliographic Details
Main Authors: Ďuriška, Ján (Author), Kubančok, Jozef (Author)
Format: Article
Language:Slovak

MARC

LEADER 00000nab a2200000ua 4500
001 vtls010770310
003 SK-MaSNL
005 20260303123350.0
008 230214s1977 xo |||||||||||||||||slo|
035 |a (urnnbn)urn:nbn:sk:snk:ar-a03lmk 
035 |a (uuid)b6f3422f-42fb-4d31-8098-4495f31ab6cd 
035 |a urn:nbn:sk:snk-ab5cym 
040 |a SNKBUCL  |b slo  |c SNKBUCL  |e AACR2 
041 0 |a slo 
044 |a xo  |c SK 
100 1 |a Ďuriška, Ján  |4 aut  |9 405536 
245 1 0 |a PSAMOMATÓZNY MENINGIÓM MAXILÁRNEHO SÍNUSU  |c Ján Ďuriška, Jozef Kubančok 
700 1 |a Kubančok, Jozef  |4 aut  |9 1139114 
773 0 |t Bratislavské lekárske listy  |g Roč. 67, č. 5 (1977), s. 614-620 
954 |a odborná, vedecká literatúra pôvodná (slovenská)  |2 lita 
958 |a OND 
958 |a EUIPO 
958 |a article3 
999 |c 1925456  |d 1927386